Boiler operation engineering questions and answers / (Record no. 12816)

000 -LEADER
fixed length control field 00423nam a2200133 4500
008 - FIXED-LENGTH DATA ELEMENTS--GENERAL INFORMATION
fixed length control field 210608b ||||| |||| 00| 0 eng d
082 00 - DEWEY DECIMAL CLASSIFICATION NUMBER
Classification number 621.183076
Item number C4957
100 ## - MAIN ENTRY--PERSONAL NAME
9 (RLIN) 2195
Personal name Chattopadhyay, P.
245 10 - TITLE STATEMENT
Title Boiler operation engineering questions and answers /
260 ## - PUBLICATION, DISTRIBUTION, ETC. (IMPRINT)
Place of publication, distribution, etc New Delhi:
Name of publisher, distributor, etc Tata-McGraw-Hill,
Date of publication, distribution, etc c1994.
300 ## - PHYSICAL DESCRIPTION
Extent x, 627 p.
650 #0 - SUBJECT ADDED ENTRY--TOPICAL TERM
Topical term or geographic name as entry element Steam Boilers
942 ## - ADDED ENTRY ELEMENTS (KOHA)
Source of classification or shelving scheme
Item type Books
Holdings
Withdrawn status Lost status Source of classification or shelving scheme Damaged status Not for loan Permanent location Current location Date acquired Total Checkouts Full call number Barcode Date last seen Date last borrowed Koha item type
          IMU Kolkata IMU Kolkata 2021-06-08 2 621.183076 C4957 08701 2022-09-22 2022-08-29 Books
Designed and Maintained by IMU-KC Library, Kolkata Campus © Copyright All Rights Reserved

webs counters

Powered by Koha